000 00789nam a22002177a 4500
003 0
005 20250310163337.0
008 250301b xxu||||| |||| 00| 0 eng d
020 _a978-971-9655-92-3
050 _aHF 5549.5
_b.M37 2024
100 _aMaranan, Jovid Maricar D.
245 _aMulticultural diversity in the tourism and hospitality workplace:
_ba comprehensive guide for professionals.
_cJovid Maricar D. Maranan and two others.
260 _aIntramuros, Manila
_bMindshapers Co., Manila
_c2024
300 _avi, 122 pages;
_c23cm.
504 _aIncludes bibliographical references.
650 _aTourism Industry – Workforce.
650 _aHospitality Industry – Employee Relations.
700 _aVillamin, Jojo
700 _aMaranan, Mario H.
942 _2lcc
_cBK
999 _c367269
_d367269